000 01071nam a2200277Ia 4500
003 OSt
005 20200917161404.0
008 191128s2008 ck aoc gr 000 0dspa d
020 _a9789584836229
040 _aCO-JMCR
_cCO-JMCR
041 0 _aspa
082 0 4 _a796.334 /
_bL847s
_223
100 1 _aLondoño, Cesar Augusto,
_eautor
_910413
245 1 3 _aLa selección, 1945 - Mundial de Rusia 2018 /
_cCesar Augusto Londoño y Guillermo Ruiz Bonilla
250 _aPrimera edición
260 _aBogotá :
_bMundo Fútbol SAS,
_c2018
300 _a[672] páginas :
_bilustraciones, fotografías y retratos a color ;
_c24 cm.
500 _aIncluye datos biográficos de los autores.
504 _aBibliografía: página [672]
505 0 _aLos seis mundiales -- Copas América -- Otros torneos -- Los orígenes -- Récords y curiosidades -- estadísticas
650 1 4 _aHistoria del fútbol
_910414
650 1 4 _aEl fútbol
_910415
650 1 4 _aSelección Colombiana de fútbol
_910416
700 1 _aRuiz Bonilla, Guillermo,
_eautor
_910417
942 _2ddc
_cBK
999 _c4200
_d4200